| 000 | 00347nam a22001337a 4500 | ||
|---|---|---|---|
| 999 |
_c2627 _d2627 |
||
| 008 | 200312b ||||| |||| 00| 0 eng d | ||
| 100 |
_92218 _aCarlton, John |
||
| 245 | 1 | 0 |
_aMarine propellers and propulsion _cby John Carlton. |
| 250 | _a2nd ed. | ||
| 260 |
_aHaryana: _bElsevier, _c2010. |
||
| 300 | _axxi,533p. | ||
| 650 | 0 | _aPropeller | |
| 942 | _cBK | ||